| 000 | 00499nam a2200181Ia 4500 | ||
|---|---|---|---|
| 003 | GCL | ||
| 008 | 140319s9999 xx 000 0 ara d | ||
| 040 |
_aGCL / _cGCL |
||
| 082 | 0 | 4 |
_a150.1 _bع ن |
| 100 | 1 | _aعلى ماضى | |
| 245 | 1 | 0 |
_aالنفس البشرية تكونتها, واضطراباتها, وعلاجها / _cعلى ماضى |
| 300 | _a390 ص | ||
| 490 |
_aكتاب _v0 |
||
| 650 | 0 | 4 | _aالبيئة |
| 650 | 0 | 4 | _aالوراثة |
| 650 | 0 | 4 | _aعلم النفس |
| 942 |
_2ddc _cBK |
||
| 999 |
_c41251 _d41251 |
||